| 000 | 00705fam a2200217 a 4500 | ||
|---|---|---|---|
| 020 | _a0941532178 (pbk. : alk. paper) : | ||
| 082 | 0 | 0 |
_a297 _bSCH _cL31-P-166 |
| 100 | 1 |
_aSchuon, Frithjof, _928494 |
|
| 245 | 1 | 0 |
_aUnderstanding Islam / _cFrithjof Schuon. |
| 250 | _atranslation by D.M. Matheson from the French. | ||
| 260 |
_aPakistan Lahore : _bSohail academy, _c1963. |
||
| 300 |
_a159 p. ; _c21 cm. |
||
| 490 | 1 | _aThe library of traditional wisdom | |
| 500 | _aIncludes bibliographical references and index. | ||
| 526 |
_a0 _b0 _c0 _d297_000000000000000_SCH |
||
| 526 |
_a0 _b0 _c0 _d297_000000000000000_SCH |
||
| 650 | 0 | _aIslam. | |
| 650 | 0 |
_aMCE _9379 |
|
| 650 | 0 |
_aSufism. _96129 |
|
| 942 |
_2ddc _cBK |
||
| 999 |
_c542176 _d542176 |
||